000 00459nam a22001697a 4500
001 TVUNI
005 20260126014645.0
008 221102s2010 vm vie d
040 _aTVUNI
_eAACR2
041 0 _avie
100 1 _aĐinh, Thị Mai
245 1 0 _aGiáo trình kế toán tài chính doanh nghiêp /
_cĐinh Thị Mai
260 _aHà Nội :
_bTài Chính,
_c2010
300 _a625 tr. ;
_c24 cm.
942 _2ddc
_cBK
999 _c2462
_d2462
912 _a1
_bHiển Phạm